00664nam a2200181 i 4500001000700000003000900007005001700016007000300033008004100036100004100077245006700118260005300185300002100238710005000259852003200309999001900341952012200360100024ES-MaACL20230906182607.0t|050921s1971 sp ||||1| spa d1 aMartínez San Pedro, Rafael.97840410aAspectos humanos del cáncer / cRafael Martínez San Pedro. aAlicante : bCaja de Ahorros Provincial, c1971. a94 p. ; c22 cm.2 aCaja de Ahorros Provincial de Alicante.92280 aES-MaACLjC-45215 bR.80093 c100024d100024 00104070aATENEOMbATENEOMcDEPO2d2008-01-17eSCl0oC-45215p1104438r2023-02-23 00:00:00w2023-02-23yMONOGRAFIA